| 000 | 00356nam a2200097Ia 4500 | ||
|---|---|---|---|
| 008 | 180130s9999 xx 000 0 und d | ||
| 245 |
_cHansen, Morten T. _aWhen internal collaboration is bad for your company |
||
| 260 | _c2013 | ||
| 300 | _aBook title: HBR's 10 must reads on collaboration--Acession number C20792; pages 125-136 | ||
| 650 | _aBUSINESS NETWORKS | ||
| 999 |
_c354446 _d354446 |
||